A habit of shores : Filipino poetry and verse from english, 60's to the 90's : (Record no. 6711)

MARC details
000 -LEADER
fixed length control field 00666nam a22001937a 4500
003 - CONTROL NUMBER IDENTIFIER
control field OSt
005 - DATE AND TIME OF LATEST TRANSACTION
control field 20251202131158.0
008 - FIXED-LENGTH DATA ELEMENTS--GENERAL INFORMATION
fixed length control field 251202b |||||||| |||| 00| 0 eng d
020 ## - INTERNATIONAL STANDARD BOOK NUMBER
International Standard Book Number 971-542-216-0.
040 ## - CATALOGING SOURCE
Original cataloging agency DWCL-Admin lib
Transcribing agency OC
082 ## - DEWEY DECIMAL CLASSIFICATION NUMBER
Classification number Fil. 899.211 H116 1999
100 ## - MAIN ENTRY--PERSONAL NAME
Personal name Abad, Gemino H.
245 ## - TITLE STATEMENT
Title A habit of shores : Filipino poetry and verse from english, 60's to the 90's :
Remainder of title the sequel to a native clearing /
Statement of responsibility, etc. Gemino H. Abad,
260 ## - PUBLICATION, DISTRIBUTION, ETC.
Place of publication, distribution, etc. Quezon City :
Name of publisher, distributor, etc. University of the Philippines Pres,
Date of publication, distribution, etc. c1999
300 ## - PHYSICAL DESCRIPTION
Extent 693 p. ;
Dimensions 23 cm.
504 ## - BIBLIOGRAPHY, ETC. NOTE
Bibliography, etc. note Includes index.
650 ## - SUBJECT ADDED ENTRY--TOPICAL TERM
Topical term or geographic name entry element 1. Philippine poetry-Collections
942 ## - ADDED ENTRY ELEMENTS (KOHA)
Source of classification or shelving scheme Dewey Decimal Classification
Koha item type Book-Filipiniana
Call number prefix Fil.
Suppress in OPAC No
952 ## - LOCATION AND ITEM INFORMATION (KOHA)
--
Holdings
Withdrawn status Lost status Source of classification or shelving scheme Damaged status Not for loan Home library Current library Shelving location Date acquired Source of acquisition Total Checkouts Full call number Barcode Date last seen Copy number Price effective from Koha item type Uniform Resource Identifier
    Dewey Decimal Classification     College Library College Library Filipiniana 06/30/2011 School Fund   Fil. 899.211 H116 1999 48562 12/02/2025 c1 12/02/2025 BK - FIL